01646nam a2200277 u 45000010006000000050017000060080041000230350010000640400013000740410008000870820008000951000040001032450122001432600043002653000013003085200728003216500029010496500038010786500042011166500036011587000043011947000050012378560061012875020012013485260008013606596920260428104611.0960313s1991 ||||||m| spa  a65969 ccomduadb aspa 4a15510aAcosta Rosero, Jose Elias4auteaut10aValidez concurrente y confiabilidad : escala abreviada del desarrollo, elaborada por el ministerio de salud, Colombia aMedellín :b[sin publicador],c1991. a101,34H.3 aA partir del macroproyecto "Efectos de la estimulación adecuada en el niño con retardo en el desarrollo", dispuesto para la Maestría en Educación: Psicopedagogía, cohorte de 1990, se seleccionó el subproyecto "Evaluación del desarrollo del niño especial" y dentro dé él se ha inscrito el presente trabajo cuyo carácter es fundamentalmente Psicométrico y perteneciente al tipo de investigación denominada evaluativa. Dentro de las funciones fundamentales de la división Materno infantil del Ministerio de Salud, está el diseño de los sistemas operativos de prevención, diagnóstico, tratamiento y rehabilitación de problemas de salud, crecimiento y desarrollo de la población infantil. 7aDesarrollo infantil2dcs aPruebas psicologicas para niños aEscala abreviada del desarrollo (EAD) 7aEstimulación temprana2armarc10aOrtiz Sierra, Maria Cristina4auteaut10aCholes Quintero, Patricia Esperanza4auteaut4 uhttp://ayura.udea.edu.co:8080/jspui/handle/123456789/862 b153c15 a155